Mathematical sorcery revealing the secrets of numbers (Record no. 176738)

000 -LEADER
fixed length control field 00378nam a2200133Ia 4500
008 - FIXED-LENGTH DATA ELEMENTS--GENERAL INFORMATION
fixed length control field 220217s9999||||xx |||||||||||||| ||und||
020 ## - INTERNATIONAL STANDARD BOOK NUMBER
International Standard Book Number 978-81-7649-830-2
082 ## - DEWEY DECIMAL CLASSIFICATION NUMBER
Classification number 510 CLA
100 ## - MAIN ENTRY--PERSONAL NAME
Personal name Clawson, Calvin, C
9 (RLIN) 5667
245 #0 - TITLE STATEMENT
Title Mathematical sorcery revealing the secrets of numbers
260 ## - PUBLICATION, DISTRIBUTION, ETC.
Place of publication, distribution, etc. Viva Books
Name of publisher, distributor, etc. New Delhi
Date of publication, distribution, etc. 2004
300 ## - PHYSICAL DESCRIPTION
Other physical details 295
650 ## - SUBJECT ADDED ENTRY--TOPICAL TERM
Topical term or geographic name entry element MATHEMATICS
Holdings
Withdrawn status Lost status Damaged status Not for loan Collection code Home library Current library Shelving location Date acquired Full call number Barcode Date last seen Price effective from Koha item type
        Computer Science and Engineering Central Library Central Library Book Cart 02/18/2022 510 CLA 11927 02/18/2022 02/18/2022 Books

Powered by Koha